| 000 | 00822nam a22002177a 4500 | ||
|---|---|---|---|
| 003 | OSt | ||
| 005 | 20150408113912.0 | ||
| 008 | 110825s 2011jo a g |||| 00| 0 eng d | ||
| 040 | _cدار اجنادين | ||
| 082 |
_221 _a657.0285 _bر ن ن |
||
| 100 |
_aالرمحي، نضال محمود. _93103 |
||
| 245 |
_aنظم المعلومات المحاسبية / _cنضال محمود الرمحي، زياد عبدالحليم الذيبة. |
||
| 250 | _aط. 1. | ||
| 260 |
_aعمان، الأردن : _bدار المسيرة، _c2011 |
||
| 300 |
_a400 ص. : _bأشكال. ؛ _c24 سم. |
||
| 504 | _aقائمة ببليوجرافية. | ||
| 650 | _aالمحاسبة. | ||
| 650 |
_93102 _aنظم المعلومات المحاسبية |
||
| 700 |
_aالذيبة، زياد عبدالحليم. _93100 |
||
| 942 |
_2ddc _cDVD |
||
| 999 |
_c13562 _d248062 |
||